Mémorial Louis Petit : mélanges d'histoire et d'archéologie byzantines.
| Corporate Author: | |
|---|---|
| Format: | Book |
| Language: | French Greek, Modern (1453-) Latin Italian German |
| Published: |
Bucarest :
Institut francais d'etudes byzantines,
1948.
|
| Series: | Archives de l'Orient chrétien ;
1. |
| Subjects: |
MARC
| Tag | First Indicator | Second Indicator | Subfields |
|---|---|---|---|
| LEADER | 00000cam a2200000 4500 | ||
| 001 | in00001136849 | ||
| 005 | 20150930084510.0 | ||
| 008 | 781129s1948 rm ac b 001 0dfre c | ||
| 010 | |a a 50003490 | ||
| 035 | |a (OCoLC)04403992 | ||
| 035 | |9 AFX7324AM | ||
| 040 | |a Harvard Univ. Library |c NOC |d NOC |d m/c |d TXA |d UtOrBLW | ||
| 041 | 0 | |a fre |a gre |a lat |a ita |a ger | |
| 049 | |a TXAM | ||
| 090 | |a DF553 |b .I57 1948 | ||
| 110 | 2 | |a Institut français d'études byzantines. | |
| 245 | 1 | 0 | |a Mémorial Louis Petit : |b mélanges d'histoire et d'archéologie byzantines. |
| 264 | 1 | |a Bucarest : |b Institut francais d'etudes byzantines, |c 1948. | |
| 300 | |a xxviii, 426, that is, 428 pages : |b illustrations ; |c 26 cm. | ||
| 336 | |a text |b txt |2 rdacontent | ||
| 337 | |a unmediated |b n |2 rdamedia | ||
| 338 | |a volume |b nc |2 rdacarrier | ||
| 490 | 1 | |a Archives de l'Orient chrétien ; |v 1 | |
| 500 | |a "L'Oeuvre scientifique de Mgr Louis Petit" (p. [vii]-xxviii) signed: V. Laurent. | ||
| 504 | |a Includes bibliographical references. | ||
| 600 | 1 | 0 | |a Petit, Louis, |d 1868-1927. |
| 651 | 0 | |a Byzantine Empire |x Study and teaching. | |
| 830 | 0 | |a Archives de l'Orient chrétien ; |v 1. | |
| 999 | |a MARS | ||
| 999 | f | f | |s 67e2b77f-42d1-3e1c-91cf-84fb0b5bbb63 |i f879cb96-b04b-3636-9fe7-3b2197fa9aed |t 0 |
| 952 | f | f | |p ric |a Texas A&M University |b Rellis Campus |c Joint Library Facility |d Remote Storage |t 0 |e DF553 .I57 1948 |h Library of Congress classification |i unmediated -- volume |m A14817434194 |
| 998 | f | f | |a DF553 .I57 1948 |t 0 |l Remote Storage |